000 00370nam a2200157Ia 4500
008 230711s9999||||xx |||||||||||||| ||und||
041 _aENG
082 _a720
_bWA-G
100 _aWard,Stephen V
245 4 _aThe garden city : past present future
250 _a1st Ed.
260 _c1992
_aSpain
_bE & FN Spon
300 _a215
650 _aArchitecture
942 _cBK
999 _c2171
_d2171